Nová právna úprava podmienok zabezpečovania stravovania zamestnancov v priebehu pracovnej zmeny

Zabezpečovanie stravovania v priebehu pracovnej zmeny podľa novej právnej úpravy. Stravovanie v sobotu, v nedeľu, v popoludňajších hodinách, večerných a delených zmenách. Dĺžka pracovnej zmeny v rôznych pracovných režimoch a nárok na stravovanie. Nemožnosť poskytovania stravovania zamestnancom. Okru...

Ausführliche Beschreibung

Gespeichert in:
Bibliographische Detailangaben
1. Verfasser: Kernáts, G.
Format: Buchkapitel
Sprache:Slowakisch
Schlagworte:
Tags: Tag hinzufügen
Keine Tags, Fügen Sie das erste Tag hinzu!

MARC

LEADER 00000naa a2200000 4500
001 r025830
005 20230912103933.0
041 0 |a slo 
044 |a SK 
245 1 0 |a Nová právna úprava podmienok zabezpečovania stravovania zamestnancov v priebehu pracovnej zmeny  |c G. Kernáts 
520 |a Zabezpečovanie stravovania v priebehu pracovnej zmeny podľa novej právnej úpravy. Stravovanie v sobotu, v nedeľu, v popoludňajších hodinách, večerných a delených zmenách. Dĺžka pracovnej zmeny v rôznych pracovných režimoch a nárok na stravovanie. Nemožnosť poskytovania stravovania zamestnancom. Okruh osôb, ktorým sa zabezpečuje stravovanie. Obsah stravovania. Forma stravovania - vlastné alebo cudzie stravovanie. Finančný príspevok zamestnávateľa. Príspevok na stravovanie zo sociálneho fondu. Vylúčenie náhradného plnenia stravného lístka na nákup potravín. 
610 2 0 |a stravovanie spoločné 
610 2 0 |a zamestnanci 
610 2 0 |a fond sociálny 
610 2 0 |a zamestnávatelia 
100 1 |a Kernáts, G.